| 000 | 00745nam a2200229Ia 4500 | ||
|---|---|---|---|
| 001 | 15133 | ||
| 003 | GE_BSU | ||
| 008 | 181216s||||||||xx |||||||||||||| ||und|| | ||
| 040 | _cGE_BSU | ||
| 080 | _a530(075.8)+517(075.8) | ||
| 100 | _aВладимиров,В,С | ||
| 245 | _aУправления математической физики | ||
| 245 | _bУчеб.пособ. для студ.физических и математических спец | ||
| 245 | _cРед:В.В.Абгарян | ||
| 250 | _aизд. 2-е перер.и доп | ||
| 260 | _aМосква | ||
| 260 | _bНаука | ||
| 260 | _c1971 | ||
| 300 | _a512стр,20см | ||
| 653 | _aУправления математической физики | ||
| 942 | _cBK | ||
| 999 |
_c48249 _d48249 |
||